Vplyv ekonomického prenájmu zariadení reštauračného stravovania na ekonomiku podniku v podmienkach trhovej ekonomiky záverečná práca postgraduálneho štúdia

Gespeichert in:
Bibliographische Detailangaben
1. Verfasser: Lovas, Michal
Körperschaft: Vysoká škola ekonomická v Bratislave
Weitere Verfasser: Patúš, Peter
Format: Buch
Sprache:Slowakisch
Veröffentlicht: Bratislava 1991
Schlagworte:
Tags: Tag hinzufügen
Keine Tags, Fügen Sie das erste Tag hinzu!

MARC

LEADER 00000nam a2200000 4500
001 c002112
005 20221214095212.4
041 0 |a slo 
044 |a SK 
245 1 0 |a Vplyv ekonomického prenájmu zariadení reštauračného stravovania na ekonomiku podniku v podmienkach trhovej ekonomiky  |b záverečná práca postgraduálneho štúdia  |c Michal Lovas ; Škol. Peter Patúš 
264 1 |a Bratislava  |c 1991 
300 |a 39 s. 
610 2 0 |a prenájom 
610 2 0 |a zariadenia stravovacie 
610 2 0 |a stravovanie spoločné 
610 2 0 |a podnik 
610 2 0 |a hospodárstvo trhové 
610 2 0 |a Jednota-SD Trebišov 
610 2 0 |a hospodárenie podnikové 
610 2 0 |a činnosť hospodárska 
100 1 |a Lovas, Michal 
700 1 |a Patúš, Peter 
710 2 |a Vysoká škola ekonomická v Bratislave